بحوث العمليات / (رقم التسجيلة. 74876)

تفاصيل مارك
000 -LEADER
fixed length control field 00429nam a22001577a 4500
005 - DATE AND TIME OF LATEST TRANSACTION
control field 20251108172256.0
008 - FIXED-LENGTH DATA ELEMENTS--GENERAL INFORMATION
fixed length control field 250721s1999 xx 000 0 ara d
082 14 - DEWEY DECIMAL CLASSIFICATION NUMBER
Classification number 658.4034/باق
100 1# - MAIN ENTRY--PERSONAL NAME
Personal name باقية، أنعام
245 10 - TITLE STATEMENT
Title بحوث العمليات /
264 1# - PRODUCTION, PUBLICATION, DISTRIBUTION, MANUFACTURE, AND COPYRIGHT NOTICE
Place of production, publication, distribution, manufacture عمان :
Name of producer, publisher, distributor, manufacturer دار وائل للنشر،
Date of production, publication, distribution, manufacture, or copyright notice 1999.
300 ## - PHYSICAL DESCRIPTION
Extent 440ص
650 17 - SUBJECT ADDED ENTRY--TOPICAL TERM
Topical term or geographic name as entry element بحوث العمليات
942 ## - ADDED ENTRY ELEMENTS (KOHA)
Source of classification or shelving scheme Dewey Decimal Classification
Koha item type كتب
المقتنيات
حالة السحب حالة الفقدان مصدر التصنيف حالة التلف غير قابل للإعارة المكتبة الرئيسية المكتبة الحالية موقع الرف تاريخ التزويد الرقم المتسلسل Total Checkouts رقم الإستدعاء تاريخ آخر ظهور تاريخ الفاتورة نوع المادة (كوها) الباركود
    Dewey Decimal Classification     مكتبة الأميرة ايمان العامة مكتبة الأميرة ايمان العامة الإعارة 12/07/2004 407425   658.4034/باق 28/07/2025 12/07/2004 كتب 407425
    Dewey Decimal Classification Unchecked   مكتبة الاميرة بديعة مكتبة الاميرة بديعة الإعارة 12/07/2004 407427   658.4034/باق 28/07/2025 12/07/2004 كتب  
    Dewey Decimal Classification Unchecked   مكتبة الجويدة مكتبة الجويدة الإعارة 12/07/2004 407428   658.4034/باق 28/07/2025 12/07/2004 كتب  
    Dewey Decimal Classification     مكتبة الحسن العامة مكتبة الحسن العامة الإعارة 12/07/2004 407429   658.4034/باق 28/07/2025 12/07/2004 كتب 407429
    Dewey Decimal Classification     مكتبة حمزة العامة مكتبة حمزة العامة الإعارة 12/07/2004 407430   658.4034/باق 28/07/2025 12/07/2004 كتب 407430
    Dewey Decimal Classification     مكتبة صويلح العامة مكتبة صويلح العامة الإعارة 12/07/2004 407432   658.4034/باق 28/07/2025 12/07/2004 كتب 407432
Implemented & Customized by: BBB with SCIT (Smart Chains for Information Technology)

Powered by Koha